00520nam a2200157 a 45000010005000000030005000050050017000100080041000270200015000680400026000832450098001092600040002072600048002474900025002957100042003205399CDMR20151016124801.0130130s1989||||||||||||||||||||||||||||d a8460072398 aCDMRbcatcCPC GIRONA00aPeriodisme en temps difícilscMn. Joan Alemany ... [et al.]b: l'Escola del CIC (1964-1974) bDiputació de BarcelonaaBarcelona c1989bCol·legi de Periodistes de Catalunya0 aVaixells de Paperv52 aCol·legi de Periodistes de Catalunya